00818 2200301 4500001002100000005001500021035002500036008004100061020002200102040001700124082001400141084001400155245007200169260004400241300004000285650001800325700002600343850001200369007000300381090001600384041000800400990001800408990001800426990001800444990001800462990001800480990001800498INLIS00000000001774920190725101230 a0010-021600000000837160222s2015 jkia c ind d a978-602-02-7568-0 aYOPDYOGbind04223a741.5 a741.5 KET00aKetekunan is the power of life /calih bahasa Endah Nawang Novianti3 aJakarta :bElex Media Komputindo,c2015 a198 hlm. :bilus. ;c22 cm [3 eks.] 4aKomik, Bacaan0 aEndah Nawang Novianti aYOPDYOGta aK 741.5 KET1 aind a27205-PD/B.15 a27206-PD/B.15 a27207-PD/B.15 a27206-PD/B.15 a27205-PD/B.15 a27207-PD/B.15